[Event "Tata Steel-A 74th"]
[Site "Wijk aan Zee"]
[Date "2012.01.19"]
[Round "5"]
[White "Gashimov, Vugar"]
[Black "Ivanchuk, Vassily"]
[Result "0-1"]
[WhiteElo "2761"]
[BlackElo "2766"]
[Annotator "Marin,M"]
[PlyCount "70"]
[EventDate "2012.01.14"]
[EventType "tourn"]
[EventRounds "13"]
[EventCountry "NED"]
[EventCategory "21"]
[SourceTitle "CBM 147"]
[Source "ChessBase"]
[SourceDate "2012.03.16"]
[SourceVersion "1"]
[SourceVersionDate "2012.03.16"]
[SourceQuality "1"]

1. e4 g6 2. d4 d6 3. Nc3 Nf6 4. Bg5 Bg7 5. e5 $5 {Frankly speaking, this early
attempt to force matters in the centre does not seem too logical. Black has
not done anything wrong to be punished in this way.} Nfd7 $5 {A flexible
retreat, in the spirit of the Alekhine Defence.} ({The main "equalising" line
for Black is supposed to be} 5... dxe5 6. dxe5 Ng4 7. Qxd8+ Kxd8 8. Rd1+ Bd7 9.
e6 fxe6 {, but Gashimov may have analysed something concrete here. I had this
many times with Black, and never felt in any kind of danger. With the king
between rooks and doubled pawns in the centre, the position bears some
similarity with the Berlin Spanish, but here Black is a pawn up!} 10. Bc4 (10.
Nf3 Bxc3+ 11. bxc3 Nc6 12. Bb5 Ke8 13. O-O Nge5 14. Nxe5 Nxe5 15. Rfe1 Bxb5 16.
Rxe5 Bd7 17. Bh6 Rd8 18. Rd3 Bc8 19. Ra5 a6 20. Rc5 c6 21. c4 $11 {Mela,B 
(2366)-Marin,M (2511)/Manresa 2004/CBM 102 ext (1/2, 43)}) 10... Ke8 11. Nf3 (
11. Nge2 Ne5 12. Bb3 Na6 13. Ne4 Nf7 14. Bc1 Nd6 15. N2c3 Bxc3+ 16. Nxc3 Nc5
$11 {Martinez,M-Marin,M World Chess Network rapid 2000}) 11... Nc6 12. O-O Nge5
13. Be2 (13. Nxe5 {Magem Badals,J (2535)-Chernin,A (2645)/New York 1998/CBM
064/[Yudasin,L] (1/2, 20)}) 13... Nxf3+ 14. Bxf3 Nd4 15. Bxb7 Rb8 16. Be4 Rxb2
17. Rb1 Rb6 $1 18. Be3 Kf7 $15 {Toledano Llinares,J (2380)-Marin,M (2545)/
Benasque 1998/EXT 2002 (0-1, 38)}) 6. f4 ({Many years ago, Vugar played} 6.
exd6 {but this cannot justify the early advance of the e-pawn.} cxd6 7. Nf3 Nf6
8. Bd3 O-O (8... Nbd7 $6 {is too committal.} 9. O-O O-O 10. Qd2 Re8 11. Rfe1 b6
12. Rad1 Bb7 13. Ne4 Rc8 14. c3 {Gashimov,V-Baimoldinov,A/St Lorenzo 1995/
Juniors (1-0, 41). White has reached some sort of Torre Attack position,
retaining some kingside pressure.}) 9. h3 {A first consequence of leaving the
h3-c8 diagonal free: White spends a tempo on preventing ...Bg4.} Nc6 $1 {
And now, the knight jumps to a more active square, threatening ...Nb4 and
provoking another pawn move.} 10. a3 h6 11. Be3 e5 12. Qd2 Qe7 13. d5 {Gulko,B
(2590)-Damljanovic,B (2505)/Tilburg 1994/CBM 044 (1/2, 38)} e4 $5 $132) 6...
O-O 7. Nf3 (7. h4 $5 {does not seem to be right:} dxe5 8. h5 exd4 9. Ne4 Nf6
10. hxg6 Qd5 ({It is not easy to find an attack for White after} 10... hxg6 11.
Qf3 Nc6 $17) 11. gxh7+ Kh8 12. Nf2 e5 $13 {Campora,D (2530)-Schwanek,C (2285)/
Buenos Aires 1986/EXT 2001 (1/2, 47)}) 7... Nb6 $1 {Although the break ...f6
is in the air, Ivanchuk does well developing his knights first.} (7... f6 8.
Bc4+ (8. exf6 exf6 9. Bh4 Nb6 10. Be2 Nc6 $6 (10... d5 $1 11. O-O Nc6 {
transposes to the main game.}) 11. d5 $1 Ne7 12. O-O Kh8 13. Qd2 $14 {Campora,
D (2503)-Alvarado,N (2318)/Decameron 2003/CBM 099 (1-0, 39)}) 8... Kh8 9. Bh4
$1 {Exchanging on e5 certainly looks risky with such active white bishops,
while after} Nb6 10. Bb3 d5 11. O-O $14 {Mateus,M (2127)-Gutierrez Castillo,J 
(2283) Cali 2007 (0-1, 42). White retained a stable space advantage.}) 8. Be2
Nc6 ({I do not understand the idea behind} 8... Be6 {Black reverses the normal
course of development (knights and then bishops) and places the bishop on an
exposed square.} 9. O-O (9. d5 Bg4) 9... dxe5 10. fxe5 c5 11. dxc5 N6d7 12. Nd4
Nc6 13. Nxe6 fxe6 14. Rxf8+ Nxf8 15. Qxd8 Rxd8 16. Rd1 $14 {Ma,Q (2447)-Li,C 
(2669)/Hefei 2011/CBM 143 Extra (1/2, 64)}) 9. O-O ({It is impossible to trap
the knight after} 9. d5 Na5 {for instance} 10. O-O (10. Qd4 {[%cal Gb2b4]} c5
$1) 10... c6 $132) ({Taking into account the ulterior course of the game,} 9.
Bh4 $5 {deserves attention.} Bh6 (9... f6 $6 10. d5 $1) (9... Nb4 $5 {[%csl
Ge3,Gf4][%cal Gb4d5] may be the simplest, though.}) 10. d5 (10. Bg3 dxe5 11.
dxe5 Nb4 $132) 10... Nb8 (10... Na5 11. Qd4 c5 12. Qe3 $14) 11. Qd4 (11. O-O c6
) 11... c6 12. exd6 Qxd6 13. Ne4 Qxf4 14. Bxe7 Nxd5 $1 15. Bxf8 Bxf8 $44) 9...
f6 10. exf6 ({After} 10. Bh4 dxe5 11. fxe5 fxe5 12. dxe5 {Black is not forced
to take on e5, which would leave him slightly underdeveloped, but he can play
the simple} Bf5 $132) 10... exf6 11. Bh4 d5 {White's early attack has resulted
in weaknesses along the e-file. There should be a way to maintain equality,
but Black's position looks more pleasant already.} 12. Ne1 $146 (12. a4 a5 13.
Re1 Ne7 14. Bd3 c6 15. Qe2 Nf5 $15 {Garcia Guerrero,I (2156)-Tristan,L (2412)/
Montevideo 2009/CBM 132 Extra (0-1, 47)}) 12... Ne7 13. g4 {White's last two
moves make an odd impression. Clearly, Vugar wanted to prevent ...Nf5-d6, but
he weakened his position even more.} Nc4 $15 14. Bxc4 dxc4 15. Ng2 b5 $1 {
Having achieved a favourable strategic position, Ivanchuk starts fighting for
the light squares very energetically.} 16. Nxb5 Rb8 17. Nc3 Rxb2 18. Na4 $6 {
This causes White to lose his cordination completely.} (18. Ne3 Qd7 19. Qd2 (
19. Nxc4 Rb4 $17) 19... f5 $36 {[%csl Gd4]}) 18... Rb4 $17 {It is difficult to
draw a line between -/+ and -+. It will take just a few moves before White
will be with all certainty lost.} 19. Nc5 (19. c3 {drops a pawn to} Bxg4 $1 20.
Qxg4 Rxa4) 19... c3 20. Qe2 Nc6 21. a3 Re8 22. Qxe8+ {Desperation.} Qxe8 23.
axb4 Bxg4 24. Bf2 Qd8 25. Nb3 Nxb4 26. Rxa7 Nxc2 27. Rc1 Qb8 28. Ra2 Nb4 29.
Ra4 Nd5 30. Nc5 Bf8 31. Rca1 c2 32. Nd3 Qb5 33. Nc1 Bh3 34. Ra5 Qc4 35. R1a4
Qc3 0-1

[Event "Biel GM 42nd"]
[Site "Biel"]
[Date "2009.07.28"]
[Round "8"]
[White "Caruana, Fabiano"]
[Black "Ivanchuk, Vassily"]
[Result "0-1"]
[WhiteElo "2670"]
[BlackElo "2703"]
[Annotator "Marin,M"]
[PlyCount "82"]
[EventDate "2009.07.19"]
[EventType "tourn"]
[EventRounds "10"]
[EventCountry "SUI"]
[EventCategory "19"]
[SourceTitle "CBM 132"]
[Source "ChessBase"]
[SourceDate "2009.09.16"]
[SourceVersion "1"]
[SourceVersionDate "2009.09.16"]
[SourceQuality "1"]

1. d4 d6 2. e4 Nf6 3. Nc3 g6 4. Be3 Bg7 (4... c6 {is an important alternative,
aiming to discourage the plan based on Qd2 and Bh6.}) 5. Qd2 c6 6. Bh6 Bxh6 7.
Qxh6 Qa5 8. Bd3 c5 9. Nge2 {'is not too dangerous.'} ({Since Black can play ...
cxd4 anyway, the only reason I see for White's last move is that in the event
of} 9. Nf3 {he was worried about} Bg4 {This has been played only once so far.}
10. dxc5 {This is the critical continuation.} (10. O-O-O Nc6 11. d5 Bxf3 12.
gxf3 Nd4 13. f4 O-O-O $13 {was entirely satisfactory for Black in Kupreichik,V
(2560)-Cuijpers,F (2425)/Germany 1993/GER-chT2 (0-1, 67)}) 10... Bxf3 (10...
Qxc5 11. Ng5 $1 Nc6 12. O-O {leaves Black with problems finding a safe
location for his king.}) 11. Bb5+ $1 {An important intermediate move, cutting
the queen's access to c5.} Nbd7 12. gxf3 Qb4 13. Qe3 Qxc5 ({Black does not
seem to get sufficient compensation for the pawn if he insists avoiding to
occupy the c5-square with a pawn:} 13... Rc8 14. cxd6 Qxb2 15. Kd2 Qb4 16. dxe7
$14) 14. Qxc5 dxc5 15. e5 $5 (15. O-O-O O-O-O 16. f4 Nh5 {[%csl Gf4] looks
safe for Black}) 15... a6 $1 16. exf6 (16. Ba4 Nh5) 16... axb5 17. fxe7 Kxe7
18. O-O-O Rhd8 19. Rhe1+ Kf8 {White is slightly better developed, but Black's
better structure and the activity of his queen's rook along the a-file may
keep the balance even.}) ({In the comments to the game Lupulescu,C (2558)
-Nikolic,P (2674)/Plovdiv 2008/CBM 124/[Marin,M] (1-0, 39) I mentioned that I
find} 9. d5 $1 {quite annoying for Black. Since in that game another variation
had been actually played, I insert here the analysis:} Nbd7 10. Nf3 b5 11. Bxb5
Rb8 12. Bxd7+ ({My opponent effectuated this move after 45 minutes of thought.
I understood that he was considering including the moves} 12. a4 $4 {12...a6??
before playing 13.Bxd7. Later, I was to find out that this line had been
recommended in the Informator. I expected his move with anxiety, since I had
noticed immediately that} Rxb5 $1 {wins a piece, because of the double pin. My
young opponent could not contain his laughter when I showed him this resource
after the game. He had rejected 12.a4 on general ground...}) 12... Bxd7 13.
O-O-O $6 ({Later, I failed to find an adequate answer after} 13. O-O $1 {
, for instance} Rxb2 14. Nd1 Rxc2 15. Ne3 $16 {[%csl Re8][%cal Ge4e5] Since
Nikolic had not faced 9.d5 so far, it would be nice to guess what he had in
mind against it.}) 13... Rxb2 $6 (13... Qb4 $1 $132) 14. Kxb2 Qb4+ 15. Kc1 Qxc3
16. Qe3 $1 $16 {Nguyen Anh Dung (2465)-Marin,M (2545)/Calcutta 1997/CBM 056
ext (1/2-1/2, 42)}) 9... Nc6 $5 ({Black avoids releasing the tension with} 9...
cxd4 10. Nxd4 {, which has been discussed in the notes to the aforementioned
game briefly.} Nc6 $1 (10... Qb6 $6 11. O-O-O Nc6 12. Bb5 a6 13. Bxc6+ bxc6 14.
Rhe1 Rb8 15. b3 Qc5 16. Kb2 Bd7 17. e5 $36 {Willemze,J (2422)-Nikolic,P (2671)/
Amsterdam 2004/CBM 101 ext (1/2-1/2, 55)}) 11. Nb3 Qb6 12. Nd5 Nxd5 13. Qg7 Rf8
14. exd5 Ne5 15. O-O h5 16. Kh1 Bd7 $13 {Bunzmann,D (2596)-Nikolic,P (2641)/
Germany 1999/EXT 2000 (0-1, 28). Black has a strategically nice position and
maintains the possibility of evacuating his king to the other wing, while the
white queen is somewhat misplaced behind the black pawns.}) 10. d5 Ne5 {
Black's minor pieces are much more at ease than their white counterparts. The
threat of ...c4 is very strong.} 11. Bb5+ (11. f4 $2 {leads to complications
favouring Black:} Neg4 12. Qh4 (12. Qg7 $2 {leaves the queen trapped after} Rg8
13. Bb5+ Kd8 $1 14. Qxf7 Nh6) 12... c4 $1 13. Bxc4 Ne3 {[%cal Ge3c4,Ge3g2]} 14.
Bb5+ $8 Kd8 15. Kd2 Nxg2 16. Qh6 Nxe4+ $17) (11. Qd2 {is a safe move, but its
main drawback is that it allows Black to castle.} O-O $6 (11... c4 $1 12. f4
Nxd3+ 13. cxd3 cxd3 14. Qxd3 O-O 15. Nd4 Bd7 16. O-O Rac8 $11) 12. f4 Nxd3+ 13.
cxd3 b5 14. O-O b4 15. Nd1 c4 16. dxc4 Nxe4 17. Qd4 Qc5 18. Ne3 Qxd4 19. Nxd4
$14 {Van der Wiel,J (2570)-Tjiam,D (2295)/Netherlands 1995/EXT 1999 (1-0, 53)})
11... Kd8 $1 $146 {Black prefers to give p the right to castle, rather than
spoil his minor piece coordination.} (11... Bd7 12. Bxd7+ Nexd7 13. O-O O-O-O
14. a3 Kb8 {Meyer,F (2368)-Engelbert,C (2213)/Hamburg 2004/CBM 100 ext (1-0,
50)} 15. b4 $36) 12. Ng3 $2 {This move is mistaken because of far from obvious
reasons.} (12. f4 $2 {is wrong because of} Neg4 $17 {, when} 13. Qg7 $2 Rg8 14.
Qxf7 Nh6 $19 {transposes to a line mentioned above.}) (12. h3 {is solid,
possibly leading to a draw after} a6 13. f4 Nf3+ 14. gxf3 axb5 15. Qg7 ({
Against other moves, Black would be doing better than in the game. Having
spared (at least temporarily), the move ...c4, he can prevent Caruana's
regrouping.} 15. O-O b4 16. Nd1 Nh5 $15) (15. Ng3 b4 16. Nce2 b3+ $132 {
Black has managed to open the queenside, with strong counterplay.}) 15... Rg8
16. Qxf7 Bd7 {Black threatens to trap the queen with 17...Be8 18.Qe6 Rf8!
followed by ...Bd7.} 17. e5 $1 Be8 18. Qe6 Bd7 $11) ({Personally, I would be
worried about the regrouping move} 12. Qd2 {, for instance} Nxe4 13. Nxe4 Qxb5
14. O-O $44 {Black's structure is solid, but with his king in the centre he is
in permanent danger.}) 12... c4 $1 {[%cal Ga7a6]} 13. h3 ({It is too late for} 
13. Qd2 a6 14. f4 axb5 15. fxe5 dxe5 {White has no obvious way to shake
Black's stability on the dark squares:} 16. Qg5 b4 17. Nce2 b3+ 18. Nc3 bxc2
19. d6 Ra6 20. dxe7+ Kxe7 21. O-O h6 22. Nd5+ $2 Qxd5 $1 $19) 13... a6 {
(?) The only problem with this generally good move is that it misses an
immediate win.} (13... g5 $3 {prevents f4, renewing the threat of ...a6, while
after} 14. Qxg5 (14. h4 g4 $19) 14... a6 15. f4 Ng6 {[%cal Gh7h6] the threat
to trap the queen with ...h6 leaves White a piece down.} 16. f5 Ne5 $19) 14. f4
Nf3+ $1 ({Black's position is more dangerous after} 14... axb5 15. fxe5 b4 16.
Qg7 Re8 (16... Rg8 $2 17. exf6 $3 Rxg7 18. fxg7) 17. exf6 bxc3 18. fxe7+ Rxe7
19. bxc3 Qc5 20. Ke2) 15. gxf3 axb5 16. O-O b4 17. Nce2 Qc5+ 18. Kg2 Bd7 {
The position is quite unusual. Strategically, Black can be very satisfied, but
his king does not enjoy complete safety yet.} 19. c3 {White needs to activate
his e2-knight.} (19. Qg7 $2 Rg8 20. Qxf7 $2 Be8 21. Qe6 Rf8 $1 $19) 19... bxc3
{Maybe Black should not have allowed his opponent to solve the knight's
problem so easily.} ({He may have done better to play one of the useful moves
he played in the next phase of the game.} 19... Rg8 $5 20. cxb4 Qxb4 $132) 20.
Nxc3 $1 (20. bxc3 Rg8 $15 {[%cal Gf6h5]}) 20... b5 (20... Kc7 $5) 21. a3 {
White intends to build up his attack in a slow, gradual, manner.} ({He could
have started active operations immediately, but the result would not have been
entirely clear.} 21. e5 $5 Nxd5 (21... dxe5 22. Nge4 Nxe4 23. Nxe4 $36) 22.
Nxd5 Qxd5 23. Rad1 Qe6 24. exd6 exd6 25. Ne4 $44) 21... Kc7 22. Rad1 (22. e5 {
does not work anymore.} Nxd5 23. Nxd5+ Qxd5 24. Rad1 Qc6 25. exd6+ exd6 26. Ne4
d5 {(If we compare with the previous line, the king has evacuated the
d8-square, avoiding Qg5+)} 27. Nc3 Be6 $17) 22... Rhg8 $5 {A very interesting
way to generate counterplay. Apparently, the rook is not doing much on g8, but
more about that later...} 23. e5 Nh5 $1 {Enabled by the previous move.} 24.
Rfe1 $1 {A strong move, completing the development. The only defect of White's
position is the presence of doubled pawns, but it requires very deep insight
on Black's part to take advantage of it.} (24. Nce4 $2 Qe3 $1 $17) (24. Nxh5 $2
gxh5+ 25. Kh2 (25. Kh1 Rg3 26. Ne4 Rxh3+ 27. Kg2 Rg8+ 28. Ng5 Qe3 $19) 25...
Rg6 26. Qxh5 Rag8 27. Rde1 (27. Ne4 Qe3 $19) 27... Qd4 $19) 24... g5 $3 {
Really original and the only logical consequence of Black's previous moves.}
25. exd6+ $5 {This exchange may seem like a premature concession, but
weakening the d6-square makes sense in view of a tactical detail revealed
slightly later.} (25. fxg5 $2 Nf4+ 26. Kh1 Qf2 $19 27. exd6+ Kb7 $1 28. Rg1
Qxf3+ 29. Kh2 Qf2+ 30. Kh1 Bxh3 $19) (25. Qxh5 {has equal merits with the game
continuation.} gxf4 26. Nce4 Rxg3+ 27. Kh1 $1 (27. Nxg3 $2 Rg8 28. exd6+ exd6
29. Re2 Rxg3+ 30. Kh2 Rxh3+ 31. Qxh3 Bxh3 32. Kxh3 Kb6 $17) (27. Kh2 $6 Qb6 28.
Qxf7 (28. Nxg3 Qf2+ 29. Kh1 fxg3 $19) 28... Rxh3+ 29. Kg2 Rh6 30. e6 Rg6+ 31.
Kh3 Rag8 32. Qxf4 Be8 $40) 27... Rxh3+ 28. Qxh3 Bxh3 29. Nxc5 dxc5 {Black
seems to have sufficient compensation for the exchange. His queenside majority
may become threatening.} 30. Re4 Bf5 31. Rxf4 Bg6 {[%cal Gc4c3]} 32. Rc1 Rd8
33. Rd1 Ra8 $44) (25. Nxh5 Rg6 {may transpose to the game.}) 25... exd6 26.
Nxh5 $6 ({The only way to justify the previous exchange would be} 26. fxg5 Nf4+
27. Kh1 {I assume that this had been Caruana's first intention, but then he
noticed that Black disposes over another fantastic pawn move:} f5 $3 {It is
difficult to exhaust the position, but it seems that a draw by perpetual 
(against either of the kings!) is the most likely result. Did Caruana fear
that Black would have more than a draw in the following variations, or did he
overestimate his position and play for a win?} ({Black's problem is that} 27...
Qf2 $2 {is impossible because of} 28. Qxd6+ $1 $16 {With ...f5!! Black takes
the e4-square under control, renewing the threat of ...Qf2}) ({Another line in
which the control of the e4-square is important goes} 27... Rg6 $6 28. Qh4 {
[%csl Gf4]} Nxh3 29. Nce4 $14 {White has avoided the immediate threats and
maintains excellent coordination.}) 28. Qh4 ({In the event of} 28. gxf6 $2 {
, apart from simply capturing on g3, Black can play} Qf2 29. Qxf4 Rxg3 30.
Qxd6+ Kc8 $1 $19 {checks have come to an end and White has to give up his
queen in order to avoid mate.}) (28. Re7 Qf2 29. Rxd7+ (29. Nxb5+ Kc8 $1 30.
Nxd6+ Kb8 $1 {White has exhausted checks and time has come to think about his
own defence.} 31. Rg1 $8 Qxf3+ $11) 29... Kc8 $1 30. Rg1 Qxf3+ $11) (28. Nh5
Nxh3 29. Re7 Nf2+ 30. Kh2 Nxd1 31. Rxd7+ Kxd7 32. Qxh7+ Kc8 33. Qxg8+ Kb7 34.
Qf7+ Kb6 35. Nxd1 Qd4 36. Qe6 Qxd1 37. Qxd6+ Ka5 38. Qb4+ Kb6 39. Nf6 {White
still has some hopes to get with his king out of the perpetual check net. In
order to avoid that, Black only has to prevent Kf4, for instance} Qe2+ 40. Kg3
Qe5+ $1 $11 {(this can be achieved in other ways, too).}) (28. Rd2 $6 {gives
up the control of the e-file after} Rae8 $1 $36) 28... Ng6 (28... Nd3 $6 29.
Re7 $36 Nf2+ $6 30. Kg2 Nxd1 31. Rxd7+ $1 {wins, because, if compared to the
line starting with 28.Nh5 above, the white king is better defended and no
perpetual is possible any more.} Kxd7 32. Qxh7+ Kc8 33. Qxg8+ Kb7 34. Qf7+ Kb6
35. Nxd1 Qd4 36. Nc3 Qd2+ 37. Nce2) 29. Qxh7 ({White fails to consolidate after
} 29. Qd4 Qxd4 30. Rxd4 Ne5 31. Kg2 Nd3 $15 {[%cal Gg8g5]}) 29... Qf2 30. Nxb5+
Kb6 31. Qxd7 Qxf3+ $11) 26... Rg6 27. Ne4 $2 ({White would have maintained
excellent saving chances after} 27. Qxh7 gxf4+ 28. Qxg6 fxg6 29. Nxf4 $15 {
with a stable position.}) 27... Rxh6 28. Nxc5 dxc5 29. Ng3 gxf4 30. Ne2 Kd6 $17
{/-+ The rest is relatively easy.} 31. Nxf4 Rg8+ 32. Kf2 Rh4 33. Ng2 Rxh3 34.
Rh1 Rgg3 35. Rxh3 Rxh3 36. Re1 h5 37. Re4 Rh1 38. a4 Rb1 39. axb5 Rxb2+ 40. Kg3
c3 41. Ne3 Bxb5 {A very interesting game, featuring unexpected tactical
nuances and great fighting spirit on both sides.} 0-1